Las cooperativas en Honduras /
Guardado en:
| Autor Principal: | |
|---|---|
| Formato: | Libro |
| Idioma: | Spanish |
| Publicado: |
[Honduras] :
Instituto de Investigación y Formación Cooperativa,
1978.
|
| Edición: | 1a. ed. |
| Materias: | |
| Etiquetas: |
Agregar Etiqueta
Sin Etiquetas, Sea el primero en etiquetar este registro!
|
| LEADER | 00766nam a22002055 4500 | ||
|---|---|---|---|
| 001 | EAD.ead003694 | ||
| 008 | 080718s1978####HN#######b####000#0#spa#d | ||
| 005 | 20140811110727.0 | ||
| 245 | 1 | 4 | |a Las cooperativas en Honduras / |c Aldo A. Cardona Arango. |
| 250 | |a 1a. ed. | ||
| 260 | |a [Honduras] : |b Instituto de Investigación y Formación Cooperativa, |c 1978. | ||
| 300 | |a 116 p. ; |c 21 cm. | ||
| 500 | |a "Instituto de Investigación y Formación Cooperativista"--Contratapa. | ||
| 504 | |a Incluye referencias bibliográficas. | ||
| 100 | 1 | |a Cardona Arango, Aldo A. | |
| 082 | 0 | 4 | |a 334.097283 |2 21 |
| 650 | 7 | |a Cooperativismo |2 isoc | |
| 651 | 7 | |a Honduras. |2 unbist | |
| 651 | 7 | |a América Latina. |2 unbist | |
| 859 | |a AR-BaBDC |b BIB. ADMINISTRACION GABCOOP - Libros |h 334.097283 |i C179 |p g00319 | ||
